[Event "BEL-VSF"]
[Site "Gent BEL"]
[Date "2010.05.14"]
[Round "4"]
[White "Atanasiu,N"]
[Black "Larmuseau,Ma"]
[Result "0-1"]
[WhiteElo "2025"]
[BlackElo "2267"]

1.e4 e6 2.d4 d5 3.Nc3 Bb4 4.e5 b6 5.Bd2 Qd7 6.a3 Bf8 7.Nf3 Ne7 8.h4 Ba6 9.Bxa6 Nxa6
10.Qe2 Nb8 11.h5 h6 12.g4 Nbc6 13.b4 O-O-O 14.Rb1 f6 15.Bf4 g5 16.hxg6 Nxg6
17.Bg3 fxe5 18.Bxe5 Ngxe5 19.dxe5 Bg7 20.Rd1 Rdf8 21.b5 Nxe5 22.Nxe5 Qd6
23.Rh5 Qxa3 24.Nb1 Qb4+ 25.c3 Qc5 26.Rd4 Rf6 27.Nc6 Rhf8 28.f4 a6 29.f5 Qxb5
30.Qxb5 axb5 31.Na7+ Kb7 32.Nxb5 exf5 33.gxf5 Rxf5 34.Rxf5 Rxf5 35.Ra4 Be5
36.Rg4 h5 37.Rg6 h4 38.Rh6 Bg3+ 39.Ke2 Rf2+ 40.Kd3 Rh2 41.N5a3 Rh1 42.Rh8 h3
43.Nd2 h2 44.Ke2 Re1+ 45.Kf3 Bd6  0-1

[Event "34th Open"]
[Site "Fourmies FRA"]
[Date "2010.05.23"]
[Round "3"]
[White "Stets,D"]
[Black "Rott,G"]
[Result "1/2-1/2"]
[WhiteElo "2467"]
[BlackElo "2208"]

1.e4 e6 2.d4 d5 3.Nc3 Bb4 4.e5 Ne7 5.a3 Bxc3+ 6.bxc3 c5 7.h4 Nbc6 8.h5 Bd7
9.Nf3 Qa5 10.Bd2 Qa4 11.Rb1 Rb8 12.h6 gxh6 13.Bxh6 Nf5 14.Bg5 Qxa3 15.g4 Nfe7
16.Bd3 cxd4 17.cxd4 Nxd4 18.Nxd4 Qc3+ 19.Kf1 Qxd4 20.Qf3 Nc6 21.Re1 h6 22.Qf6 Rg8
23.Rxh6 Qb4 24.Rh7 Nd8 25.Re3 Bb5 26.Bxb5+ Qxb5+ 27.Kg2 Qb4 28.Kg3 a5 29.Rf3 Qf8
30.Qf4 Rg7 31.Bh6 Rxh7 32.Bxf8 Kxf8 33.c4 dxc4 34.Qxc4 Kg8 35.Qc7 Nc6 36.Rc3 Rd8
37.Qxb7 Nxe5 38.Rc8 Rxc8 39.Qxc8+ Kg7 40.Qc3 f6 41.f4 Nf7 42.Qxa5 e5 43.f5 Rh8
44.Qc7 Rd8 45.Qb7 Rd3+ 46.Kf2 Rd4 47.Kf3 Rd3+ 48.Ke2 Rd4 49.Qf3 Rf4 50.Qh3 Nh6
51.Qh5 Rxg4 52.Qe8 Nf7 53.Qd7  1/2-1/2

[Event "XXIX Open A"]
[Site "Zalakaros HUN"]
[Date "2010.05.30"]
[Round "5"]
[White "Kantor,G"]
[Black "Jamrich,G"]
[Result "0-1"]
[WhiteElo "2041"]
[BlackElo "2322"]

1.d4 e6 2.e4 d5 3.Nc3 Bb4 4.e5 b6 5.a3 Bf8 6.f4 Ne7 7.Nf3 h5 8.Bd3 Ba6 9.O-O Bxd3
10.Qxd3 c5 11.Ne2 c4 12.Qd1 Nbc6 13.Be3 Nf5 14.Bf2 Be7 15.g3 g5 16.fxg5 Bxg5
17.Nxg5 Qxg5 18.c3 h4 19.Kg2 Kd7 20.Rg1 Rh7 21.Nf4 hxg3 22.hxg3 Rah8 23.Kf1 Rh2
24.Qf3 Na5 25.Rd1 Kc6 26.Ke2 Kb5 27.Rd2 Nb3 28.Rdd1 Ka6 29.a4 R8h7 30.Ke1 Ne7
31.Kf1 Ka5 32.Ke1 Kxa4 33.Kf1 Kb5 34.Ke1 a5 35.Kf1 Kc6 36.Ke1 b5 37.Kf1 Qf5
38.Qe2 Ng6 39.Ng2 Rh1 40.g4 Qe4 41.Qxe4 dxe4 42.Ke2 R1h3 43.Be3 Ne7 44.Rde1 Nd5
45.Kd1 Rg3 46.Bf2 Rd3+ 47.Ke2 Rd2+ 48.Kf1 Rxb2  0-1

[Event "NAO"]
[Site "Stillwater USA"]
[Date "2010.05.31"]
[Round "10"]
[White "Williams,J"]
[Black "Montero,J"]
[Result "1/2-1/2"]
[WhiteElo "2105"]
[BlackElo "1783"]

1.e4 e6 2.d4 d5 3.Nc3 Bb4 4.e5 Ne7 5.a3 Ba5 6.b4 Bb6 7.Qg4 Ng6 8.Bd3 Nc6
9.Bxg6 hxg6 10.Bg5 Qd7 11.Nf3 a6 12.Ne2 Ne7 13.Bxe7 Qxe7 14.c3 Bd7 15.Qg5 Qxg5
16.Nxg5 f6 17.Nf3 Bb5 18.Nc1 a5 19.Nb3 axb4 20.cxb4 Ra4 21.Nc5 Bxc5 22.dxc5 Kf7
23.exf6 gxf6 24.Nd4 Bd7 25.Kd2 e5 26.Nc2 Bf5 27.h4 Rha8 28.h5 gxh5 29.Rxh5 Bg6
30.Rh3 Bxc2 31.Kxc2 Rxb4 32.axb4 Rxa1 33.Rh7+ Ke6 34.Rxc7 Ra2+ 35.Kb3 Rxf2
36.Rxb7 Rxg2 37.c6 Rg8 38.b5 Kd6 39.Kb4 e4 40.Rd7+ Ke6 41.Kc5 e3 42.Rh7 e2
43.Rh1 d4 44.Kxd4 Rg5 45.Re1 Kd6 46.Rxe2 Rxb5 47.Rc2 Rd5+ 48.Ke4 Re5+ 49.Kf4 Kc7  1/2-1/2

[Event "Rapid Open"]
[Site "Hustopece CZE"]
[Date "2010.06.05"]
[Round "8"]
[White "Navara,D"]
[Black "Petrik,T"]
[Result "1-0"]
[WhiteElo "2718"]
[BlackElo "2532"]

1.e4 e6 2.d4 d5 3.Nc3 Bb4 4.e5 Ne7 5.a3 Bxc3+ 6.bxc3 c5 7.Qg4 Qc7 8.Qxg7 Rg8
9.Qxh7 cxd4 10.Ne2 Nbc6 11.f4 dxc3 12.Qd3 d4 13.h4 Bd7 14.h5 O-O-O 15.h6 Be8
16.h7 Rh8 17.Rh3 f6 18.exf6 Nd5 19.Nxd4 Nxd4 20.Qxd4 Rxh7 21.Qxa7 Rxh3 22.gxh3 Bc6
23.Be3 Qh7 24.O-O-O Qe4 25.f7 Rf8 26.Qa8+ Kd7 27.Qxf8 Qxe3+ 28.Kb1 Qb6+ 29.Qb4 Qxb4+
30.axb4 Ke7 31.f5 Ne3 32.Re1 Nxf5 33.Rxe6+ Kxf7 34.Bc4 Kg7 35.b5 Bg2 36.Bd3 Bxh3
37.Rb6  1-0

[Event "9th TCh-BIH Premier"]
[Site "Bihac BIH"]
[Date "2010.06.07"]
[Round "3"]
[White "Brkic,A"]
[Black "Kovacevic,Bl"]
[Result "1-0"]
[WhiteElo "2573"]
[BlackElo "2471"]

1.e4 e6 2.d4 d5 3.Nc3 Bb4 4.e5 Ne7 5.a3 Bxc3+ 6.bxc3 c5 7.Qg4 O-O 8.Bd3 f5
9.exf6 Rxf6 10.Bg5 Rf7 11.Qh5 g6 12.Qd1 Qa5 13.Qd2 c4 14.Be2 Nf5 15.Bf4 Nc6
16.g3 Bd7 17.Nf3 Raf8 18.Ne5 Nxe5 19.Bxe5 Qd8 20.h4 Ne7 21.h5 Be8 22.g4 Nc6
23.hxg6 Nxe5 24.gxf7+ Nxf7 25.Qe3 Qf6 26.f3 Ng5 27.O-O-O Bg6 28.Rdf1 Qe7
29.Kd2 b5 30.Rb1 a6 31.Rbe1 Nf7 32.Ra1 Re8 33.Rhe1 Nd6 34.Bf1 Qf8 35.Bg2 Nf7
36.Qf4 Qe7 37.Re3 a5 38.Rae1 Qxa3 39.Rxe6 Rxe6 40.Rxe6 Qb2 41.Qf6 Qxc2+ 42.Ke1 Qxc3+
43.Kf2 Kf8 44.f4 Qc2+ 45.Re2 Qc1 46.Bxd5  1-0

[Event "FSIMB June"]
[Site "Budapest HUN"]
[Date "2010.06.09"]
[Round "5"]
[White "To,N"]
[Black "Tran Tuan Minh"]
[Result "1-0"]
[WhiteElo "2413"]
[BlackElo "2211"]

1.e4 e6 2.d4 d5 3.Nc3 Bb4 4.e5 b6 5.a3 Bf8 6.Nf3 Ne7 7.b4 Bb7 8.Bd3 Nd7 9.Ne2 c5
10.c3 Qc8 11.h4 Ba6 12.b5 c4 13.Bxh7 Rxh7 14.bxa6 f6 15.Nf4 Qc6 16.O-O fxe5
17.dxe5 Nc5 18.Nd4 Qd7 19.Qg4 Rh6 20.Nh5 Rh7 21.Bg5 O-O-O 22.Nf4 Re8 23.Qf3 Nc6
24.Ng6  1-0

[Event "FSIMB June"]
[Site "Budapest HUN"]
[Date "2010.06.13"]
[Round "9"]
[White "Farago,S"]
[Black "Tran Tuan Minh"]
[Result "0-1"]
[WhiteElo "2268"]
[BlackElo "2211"]

1.d4 e6 2.e4 d5 3.Nc3 Bb4 4.e5 b6 5.Qg4 Bf8 6.Nge2 Ba6 7.Be3 Qd7 8.O-O-O f5
9.exf6 Nxf6 10.Qh3 Bd6 11.g4 Qf7 12.g5 Nfd7 13.Qg4 O-O 14.Bh3 Re8 15.f4 Nf8
16.Rhf1 Nc6 17.f5 exf5 18.Rxf5 Bc8 19.Rxf7 Bxg4 20.Bxg4 Kxf7 21.Nxd5 Nb4
22.Bf3 Rad8 23.Rf1 Kg8 24.Kd2 Nxd5 25.Bxd5+ Kh8  0-1

[Event "Open"]
[Site "Teplice CZE"]
[Date "2010.06.14"]
[Round "3"]
[White "Novosadova,K"]
[Black "Dgebuadze,A"]
[Result "0-1"]
[WhiteElo "2054"]
[BlackElo "2551"]

1.e4 e6 2.d4 d5 3.Nc3 Bb4 4.e5 Ne7 5.a3 Bxc3+ 6.bxc3 c5 7.Qg4 O-O 8.Bd3 Nbc6
9.Qh5 Ng6 10.Nf3 Qc7 11.Ng5 h6 12.Nxf7 Qxf7 13.Qxg6 Qxg6 14.Bxg6 cxd4 15.cxd4 Nxd4
16.Be3 Nc6 17.f4 Bd7 18.Bd3 Rac8 19.Rf1 b6 20.g4 Na5 21.Bd2 Nc4 22.Bb4 Rfe8
23.Bxc4 Rxc4 24.O-O-O Rec8 25.Rf2 Ba4 26.Rdd2 Kf7 27.h4 Re4 28.Rde2 Rcc4
29.Rxe4 dxe4 30.Re2 a5 31.Bd6 e3 32.Rxe3 Rxc2+ 33.Kb1 Rc4 34.h5 Bd1 35.Re1 Bxg4
36.Rc1 b5 37.Rxc4 bxc4 38.Kc2 Bxh5 39.a4 Bf3 40.Bc7 Kg6 41.Bxa5 Kf5 42.Kc3 Bc6
43.Bb4 h5 44.Kd2 h4  0-1

[Event "14th Master Open"]
[Site "Voronezh RUS"]
[Date "2010.06.20"]
[Round "8"]
[White "Inants,A"]
[Black "Nikolaeva,A2"]
[Result "1/2-1/2"]
[WhiteElo "2259"]
[BlackElo "2208"]

1.e4 e6 2.d4 d5 3.Nc3 Bb4 4.e5 Ne7 5.a3 Bxc3+ 6.bxc3 c5 7.a4 Qa5 8.Qd2 Nbc6
9.Nf3 Bd7 10.Be2 cxd4 11.cxd4 Qxd2+ 12.Bxd2 Nf5 13.Bc3 Rc8 14.Kd2 O-O 15.a5 h5
16.Rhb1 Rc7 17.Bb2 Bc8 18.Ba3 Re8 19.c3 Nxa5 20.Bd6 Nc4+ 21.Bxc4 Rxc4 22.Rxa7 Rc6
23.Ra8 Nxd6 24.exd6 Bd7 25.Ra7 Rb8 26.Rbxb7 Rxb7 27.Rxb7 Rxd6 28.Rb8+ Kh7
29.Rd8 f6 30.Ne1 Kg6 31.Nd3 Kf7 32.Nc5 Ke7 33.Rg8 g5 34.Rg7+ Ke8 35.h4 gxh4
36.Rh7 Bb5 37.Ke1 Bc4 38.Rxh5 Rb6 39.Rxh4 Rb1+ 40.Kd2 Rb2+ 41.Ke3 Rc2 42.Rh8+ Kf7
43.Rh7+ Kg6 44.Re7 Rxc3+ 45.Kf4 Rc2 46.Kg3 Rd2 47.Nxe6 Kf5 48.f3 Bf1 49.Nf4  1/2-1/2

[Event "24th Open"]
[Site "Pula CRO"]
[Date "2010.06.21"]
[Round "3"]
[White "Dulic,G"]
[Black "Kovacevic,Bl"]
[Result "1/2-1/2"]
[WhiteElo "2237"]
[BlackElo "2471"]

1.e4 e6 2.d4 d5 3.Nc3 Bb4 4.e5 Ne7 5.a3 Bxc3+ 6.bxc3 c5 7.Qg4 O-O 8.Bd3 f5
9.exf6 Rxf6 10.Bg5 Rf7 11.Qh4 h6 12.Bd2 Nbc6 13.Nf3 c4 14.Be2 Qc7 15.O-O Nf5
16.Qh5 Bd7 17.g4 Nd6 18.Ne5 Nxe5 19.Qxe5 Ba4 20.Bd1 Ne4 21.Qxc7 Rxc7 22.Be1 Rc6
23.f3 Nd6 24.Bd2 Ra6 25.Bf4 Nb5 26.Bd2 Rf8 27.Re1 Nc7 28.h4 Bd7 29.Re3 Nb5
30.Bc1 h5 31.Kg2 Be8 32.Rb1 hxg4 33.fxg4 Nxa3 34.Bxa3 Rxa3 35.Rxb7 Bg6 36.Bf3 Ra2
37.Rxe6 Rxc2+ 38.Kg1 Rxf3 39.Rxg6 Rf7 40.Rxf7 Kxf7 41.Ra6 Rxc3 42.Rxa7+ Kg8
43.Rd7 Rg3+ 44.Kf2 Rxg4 45.Rxd5 Rxh4 46.Kg3 Rh1 47.Rc5 Rc1 48.Rc7 c3 49.d5 c2
50.Kg2 Kf8 51.d6 Ke8 52.Kh2 Kd8 53.Kg2 g5 54.Kh2 g4 55.Kg2 g3 56.Rc3 Kd7
57.Rc7+  1/2-1/2

[Event "Open"]
[Site "Eforie Nord ROU"]
[Date "2010.06.23"]
[Round "7"]
[White "Berescu,A"]
[Black "Nevednichy,B"]
[Result "1-0"]
[WhiteElo "2464"]
[BlackElo "2268"]

1.e4 e6 2.d4 d5 3.Nc3 Bb4 4.e5 Ne7 5.a3 Bxc3+ 6.bxc3 b6 7.Qg4 Kf8 8.h4 Ba6
9.h5 h6 10.Bxa6 Nxa6 11.Nf3 c5 12.Bd2 Rc8 13.Nh4 Qd7 14.Rh3 Nf5 15.Nxf5 exf5
16.Qe2 Nc7 17.dxc5 bxc5 18.c4 Ne6 19.Qd3 Nd4 20.cxd5 Qxd5 21.c3 Qxg2 22.cxd4 Qg1+
23.Qf1 Qxf1+ 24.Kxf1 cxd4 25.Bb4+ Kg8 26.Rd1  1-0

[Event "IsBank TCh-TUR"]
[Site "Konya TUR"]
[Date "2010.06.30"]
[Round "2"]
[White "Kazdagli,B"]
[Black "Sipahioglu,I"]
[Result "1-0"]
[WhiteElo "1823"]
[BlackElo "2057"]

1.e4 e6 2.d4 d5 3.Nc3 Bb4 4.e5 Ne7 5.a3 Bxc3+ 6.bxc3 c5 7.a4 Qc7 8.Nf3 b6
9.Bb5+ Bd7 10.Bd3 Nbc6 11.O-O cxd4 12.cxd4 Nb4 13.Ba3 Nxd3 14.Qxd3 Qc4 15.a5 Qxd3
16.cxd3 f6 17.axb6 axb6 18.Rfb1 Ra6 19.Bd6 Ba4 20.Rc1 Ra7 21.g4 Kd7 22.Rxa4 Rxa4
23.Rc7+ Kd8 24.Rxe7 Re8 25.Rxg7 fxe5 26.Nxe5  1-0

[Event "9th Open"]
[Site "La Fere FRA"]
[Date "2010.07.03"]
[Round "1"]
[White "Obert,Julien"]
[Black "Waquet,F"]
[Result "0-1"]
[WhiteElo "1816"]
[BlackElo "1976"]

1.e4 e6 2.d4 d5 3.Nc3 Bb4 4.e5 Ne7 5.a3 Bxc3+ 6.bxc3 c5 7.Qg4 Nf5 8.Bd3 h5
9.Qf3 Nc6 10.Bxf5 exf5 11.Ne2 Be6 12.h4 Qc7 13.Bg5 cxd4 14.cxd4 Na5 15.c3 Qc4
16.O-O Nb3 17.Rab1 a5 18.Rfd1 a4 19.Nf4 g6 20.Bf6 Rg8 21.Qd3 Rc8 22.Qxc4 Rxc4
23.Nxe6 fxe6 24.Rd3 Kf7 25.Bg5 Rgc8 26.Bd2 Nxd2 27.Rxb7+ R8c7 28.Rxc7+ Rxc7
29.Rxd2 Rxc3 30.Kf1 f4 31.Ke2 Rxa3 32.Rc2 g5 33.hxg5 h4 34.Rc8 Rb3 35.Rh8 a3
36.Rxh4 a2  0-1

[Event "XII Open"]
[Site "Torredembarra ESP"]
[Date "2010.07.08"]
[Round "6"]
[White "Guerra Mendez,J"]
[Black "Gonzalez Rodriguez,Jo"]
[Result "1-0"]
[WhiteElo "2480"]
[BlackElo "1846"]

1.e4 e6 2.d4 d5 3.Nc3 Bb4 4.e5 b6 5.Qg4 Bf8 6.Nf3 Qd7 7.Bd3 Ba6 8.O-O Bxd3
9.cxd3 Nc6 10.Ne2 Nge7 11.Bd2 a5 12.Rfc1 Nf5 13.Ng3 Nxg3 14.hxg3 Ne7 15.Rc2 Ng6
16.Rac1 Ra7 17.Qh5 Be7 18.g4 O-O 19.g3 c5 20.Kg2 Rc8 21.dxc5 Rxc5 22.Rxc5 bxc5
23.Ng5 Bxg5 24.Qxg5 Qc7 25.d4 c4 26.f4 Qe7 27.f5 Qxg5 28.Bxg5 Nf8 29.b3 h6
30.Bd8 Ra8 31.Be7 cxb3 32.axb3 Nh7 33.Ra1 Ng5 34.b4 a4 35.Bc5 h5 36.b5 hxg4
37.b6 Rb8 38.fxe6 Nxe6 39.Rxa4 Kh7 40.Ra7 Kg6 41.b7 Nd8 42.Ra8 Rxb7 43.Rxd8 Rb2+
44.Kf1 Rb3 45.Kf2 Rb2+ 46.Ke3 Kf5 47.Rxd5 Rb3+ 48.Kf2 Rb2+ 49.Ke1 Rb3  1-0

[Event "Sparkassen Open"]
[Site "Nettetal GER"]
[Date "2010.07.09"]
[Round "7"]
[White "Walter,A"]
[Black "Zahn,R"]
[Result "0-1"]
[WhiteElo "1891"]
[BlackElo "2080"]

1.e4 e6 2.d4 d5 3.Nc3 Bb4 4.e5 Ne7 5.Qg4 c5 6.a3 cxd4 7.axb4 dxc3 8.Bd3 Qc7
9.f4 Nbc6 10.Nf3 Nxb4 11.O-O Nxd3 12.cxd3 Qb6+ 13.Rf2 cxb2 14.Bxb2 Nf5 15.Ba3 h5
16.Qh3 Qe3 17.Bc1 Qxd3 18.Ra3 Qd1+ 19.Rf1 Qc2 20.Nh4 Nd4 21.Qe3 Nb5 22.Rb3 Bd7
23.Bb2 Qe4 24.Qf2 g6 25.Rc1 O-O 26.Re1 Qc4 27.Qg3 Kh7 28.Nf3 a5 29.Ng5+ Kg8
30.Rc1 Qe2 31.h3 Rac8 32.Re1 Qc2 33.f5 a4 34.Rxb5 Bxb5 35.Ba3 Rc3  0-1

[Event "29th Jacques Lemans Open"]
[Site "St Veit SUI"]
[Date "2010.07.11"]
[Round "2"]
[White "Halvax,G"]
[Black "Praxmarer,C"]
[Result "1-0"]
[WhiteElo "2255"]
[BlackElo "2026"]

1.e4 e6 2.d4 d5 3.Nc3 Bb4 4.e5 Ne7 5.a3 Bxc3+ 6.bxc3 b6 7.Qg4 Ng6 8.h4 h5
9.Qg3 Ba6 10.Ne2 Qd7 11.Nf4 Rh6 12.Nd3 Rh7 13.Be2 Qa4 14.Bd1 Nc6 15.Qg5 Nxd4
16.cxd4 Bxd3 17.cxd3 Qxd4 18.Ra2 Qxe5+ 19.Be3 Kd7 20.d4 Qxg5 21.hxg5 h4 22.Bc2 Rhh8
23.Bxg6 fxg6 24.Bf4 Rh5 25.Ke2 c5 26.dxc5 bxc5 27.Rb2 Kc6 28.Rhb1 e5 29.Bd2 c4
30.Rb7 c3 31.Bxc3 Rxg5 32.Kf1 h3 33.gxh3 Rh8 34.Bd2 Rgh5 35.Rxg7 Rxh3 36.Rc1+ Kb5
37.Rb7+ Ka6 38.Rcc7 Ra8 39.Rb2  1-0

[Event "5th Nana Aleksandria Cup"]
[Site "Poti GEO"]
[Date "2010.07.12"]
[Round "2"]
[White "Anakidze,N"]
[Black "Madoyan,Iolanta"]
[Result "1-0"]
[WhiteElo "1965"]
[BlackElo "1748"]

1.e4 e6 2.d4 d5 3.Nc3 Bb4 4.e5 Ne7 5.a3 Bxc3+ 6.bxc3 c5 7.a4 Nbc6 8.Nf3 cxd4
9.cxd4 O-O 10.Be2 Bd7 11.c4 dxc4 12.Bxc4 Nf5 13.O-O Qc7 14.Bd3 Rfe8 15.Bxf5 exf5
16.Ba3 Qd8 17.Bd6 Na5 18.Qd3 f6 19.Rfd1 Rc8 20.exf6 Qxf6 21.Be5 Qg6 22.d5 Nc4
23.Bc3 Qd6 24.Qd4 Qh6 25.Re1 Rxe1+ 26.Rxe1 b6 27.Re7  1-0

[Event "29th Jacques Lemans Open"]
[Site "St Veit SUI"]
[Date "2010.07.16"]
[Round "7"]
[White "Matt,S"]
[Black "Praznik,A"]
[Result "0-1"]
[WhiteElo "2076"]
[BlackElo "2214"]

1.e4 e6 2.d4 d5 3.Nc3 Bb4 4.e5 b6 5.a3 Bxc3+ 6.bxc3 Qd7 7.a4 Ba6 8.Bxa6 Nxa6
9.Qd3 Nb8 10.Nf3 Nc6 11.O-O Na5 12.Nd2 Ne7 13.Ba3 Nec6 14.f4 g6 15.Rfd1 Rd8
16.Qe3 Ra8 17.Qd3 h5 18.Qe2 h4 19.Rf1 Ne7 20.Bxe7 Kxe7 21.Rf3 Rac8 22.Qe3 Kf8
23.g4 hxg3 24.Rxg3 Rh5 25.Rh3 Rxh3 26.Qxh3 Kg7 27.Qh4 Qd8 28.Qxd8 Rxd8 29.Kf2 Rc8
30.Ke3 Rh8 31.Nf3 Nc4+ 32.Ke2 Rc8 33.Kd3 Rh8 34.Ke2 Rh3 35.Re1 Kf8 36.Ra1 Ke7
37.Ra2 Kd7 38.Kf2 Rh5 39.Ra1 Rh8 40.Ke2 a5 41.h4 Rh5 42.Kf2 Rh8 43.Rh1 c6
44.Rb1 Rb8 45.Ke2 b5 46.Ne1 Kc7 47.axb5 cxb5 48.Nd3 Kc6 49.Ra1 Rh8 50.Rh1 a4
51.Nb4+ Kd7 52.Kf3 Nd2+ 53.Kg2 Ne4 54.Na2 Rc8 55.Rh3 b4 56.Nxb4 Rxc3 57.Rxc3 Nxc3
58.Na6 a3 59.Nc5+ Kc6 60.Nb3 a2 61.Kf3 Kb5  0-1

[Event "Int ch-SVK OpenA"]
[Site "Banska Stiavnica SVK"]
[Date "2010.07.17"]
[Round "8"]
[White "Konnyu,J"]
[Black "Leniart,A"]
[Result "1/2-1/2"]
[WhiteElo "2353"]
[BlackElo "2423"]

1.e4 e6 2.d4 d5 3.Nc3 Bb4 4.e5 Ne7 5.a3 Bxc3+ 6.bxc3 c5 7.Qg4 Kf8 8.Bd2 Qc7
9.Bd3 b6 10.Nf3 cxd4 11.cxd4 Ba6 12.Qf4 h6 13.h4 Bxd3 14.cxd3 Nbc6 15.h5 Rc8
16.Rh3 Ke8 17.Nh4 Rg8 18.Rf3 Kd7 19.Rc1 Qb7 20.Qxf7 Nxd4 21.Ng6 Rxc1+ 22.Bxc1 Nxf3+
23.gxf3 Re8 24.Bd2 a5 25.Qxg7 Kc6 26.Qf7 Qd7 27.Nf8 Qc8 28.Nxe6 Nf5 29.Qxf5 Qxe6
30.Qxe6+ Rxe6 31.d4 Re8 32.Ke2 Kd7 33.Bxh6 Rh8 34.Bg5 Rxh5 35.f4 b5 36.Kd2 Rh2
37.Ke2 Ke6 38.Bd8 a4 39.Ba5 Rh3 40.Bb4 Rb3 41.Kd2 Rb2+ 42.Kc3 Rb3+ 43.Kc2 Rf3
44.Bc5 Kf5 45.Kb2 Ke6 46.Kc2 Kd7 47.Kd2 Ke6  1/2-1/2

[Event "29th Jacques Lemans Open"]
[Site "St Veit SUI"]
[Date "2010.07.17"]
[Round "8"]
[White "Schmoldt,R"]
[Black "Simon,An"]
[Result "1/2-1/2"]
[WhiteElo "2145"]
[BlackElo "2032"]

1.e4 e6 2.d4 d5 3.Nc3 Bb4 4.e5 b6 5.a3 Bf8 6.Nf3 Qd7 7.b4 Ne7 8.Bd3 h5 9.h4 Nf5
10.Bxf5 exf5 11.O-O Nc6 12.b5 Nd8 13.e6 Nxe6 14.Ne5 Qd6 15.a4 a5 16.Ba3 Qd8
17.Bxf8 Kxf8 18.Ne2 Qxh4 19.Ra3 Bb7 20.Rh3 Qg5 21.f4 Qe7 22.Qd3 g6 23.g4 Ng7
24.Re3 Qd6 25.gxf5 Rd8  1/2-1/2

[Event "Open A"]
[Site "Oberwart AUT"]
[Date "2010.07.19"]
[Round "7"]
[White "Alvir,A"]
[Black "Szabo,R"]
[Result "1-0"]
[WhiteElo "2369"]
[BlackElo "2161"]

1.e4 e6 2.d4 d5 3.Nc3 Bb4 4.e5 b6 5.Bd2 Qd7 6.Nce2 Bxd2+ 7.Qxd2 Ba6 8.f4 Ne7
9.Nf3 c5 10.O-O-O Nbc6 11.g4 cxd4 12.Nexd4 Bxf1 13.Rhxf1 Nxd4 14.Nxd4 h5
15.f5 hxg4 16.fxe6 fxe6 17.Qg5 O-O-O 18.Rf7 Rde8 19.b3 Rxh2 20.Qxg4 Rh6 21.Rd3 Kb7
22.Qxg7 Rhh8 23.Rc3 Rhg8 24.Qf6 Rg4 25.Nxe6 Rg1+ 26.Kb2 Rf1 27.Qxf1 Qxe6
28.Qf6  1-0

[Event "Corporation Centre Cup"]
[Site "Izhevsk RUS"]
[Date "2010.07.22"]
[Round "8"]
[White "Voitsekhovsky,S"]
[Black "Balashov,Y"]
[Result "1-0"]
[WhiteElo "2524"]
[BlackElo "2400"]

1.e4 e6 2.d4 d5 3.Nc3 Bb4 4.e5 b6 5.Bd2 Ne7 6.Qg4 O-O 7.Nf3 Ba6 8.Bxa6 Nxa6
9.O-O c5 10.Bg5 Qd7 11.Ne2 Nb8 12.c3 Ba5 13.a3 c4 14.Ng3 Kh8 15.Nh5 Rg8 16.Nf6  1-0

[Event "TCh-MNE Premier League"]
[Site "Cetinje MNE"]
[Date "2010.07.24"]
[Round "1"]
[White "Djukic,Ni"]
[Black "Drasko,M"]
[Result "1/2-1/2"]
[WhiteElo "2503"]
[BlackElo "2505"]

1.e4 e6 2.d4 d5 3.Nc3 Bb4 4.e5 Ne7 5.a3 Bxc3+ 6.bxc3 c5 7.Qg4 Kf8 8.Qd1 b6
9.Nf3 h6 10.a4 Ba6 11.Bxa6 Nxa6 12.O-O Rc8 13.a5 Nb8 14.axb6 axb6 15.dxc5 bxc5
16.Qd3 g6 17.c4 Kg7 18.Rd1 Nbc6 19.Ba3 Nb4 20.Qe2 Qb6 21.Rdb1 Qc6 22.c3 Na6
23.Nd4 Qd7 24.Nb5 dxc4 25.Nd6 Rb8 26.Qxc4 Rxb1+ 27.Rxb1 Rb8 28.Rxb8 Nxb8
29.Bxc5 Nd5 30.Qb3 Nc6 31.c4 Nde7 32.Qc3 g5 33.h4 Ng6 34.hxg5 hxg5 35.Qd2 Ncxe5
36.Qxg5 Qa4 37.Qc1 Qc6 38.Ba3 f6 39.Qc3 Nf4 40.Qg3+ Neg6 41.Kh2 Qa8 42.Qf3 Qxf3
43.gxf3 Nd3 44.c5 Nge5 45.Kg3 Nc6 46.Nb5 e5 47.Kg2 Ne1+ 48.Kf1 Nxf3 49.Ke2 Nfd4+
50.Nxd4 Nxd4+ 51.Kd3 Kf7 52.f4  1/2-1/2

[Event "Sparkassen Open A"]
[Site "Dortmund GER"]
[Date "2010.07.25"]
[Round "9"]
[White "Michalczak,T"]
[Black "Liedtke,D"]
[Result "1-0"]
[WhiteElo "2367"]
[BlackElo "2191"]

1.e4 e6 2.d4 d5 3.Nc3 Bb4 4.e5 Ne7 5.a3 Bxc3+ 6.bxc3 c5 7.Qg4 O-O 8.Bd3 Nbc6
9.Qh5 Ng6 10.Nf3 c4 11.Bxg6 fxg6 12.Qg4 Qe8 13.h4 Qf7 14.h5 Qf5 15.Qxf5 gxf5
16.h6 g6 17.Bg5 Bd7 18.Bf6 b5 19.Kd2 Rfb8 20.g4 Rb6 21.gxf5 exf5 22.Rag1 Be8
23.Nh4 Kf8 24.Nxg6+ Bxg6 25.Rxg6 hxg6 26.e6  1-0

[Event "Sparkassen Open A"]
[Site "Dortmund GER"]
[Date "2010.07.25"]
[Round "9"]
[White "Roehrich,S"]
[Black "Wiebe,P"]
[Result "1/2-1/2"]
[WhiteElo "2142"]
[BlackElo "2248"]

1.e4 e6 2.d4 d5 3.Nc3 Bb4 4.e5 Ne7 5.a3 Bxc3+ 6.bxc3 c5 7.Nf3 Bd7 8.h4 Ba4
9.h5 h6 10.Be2 Nbc6 11.Rb1 b6 12.Rh4 c4 13.Bd2 Kd7 14.Rb2 Qg8 15.Qc1 Qh7
16.g4 Raf8 17.g5 Nf5 18.Rh3 Qg8 19.Nh2 hxg5 20.Bxg5 f6 21.exf6 gxf6 22.Be3 Nd6
23.h6 Ne4 24.Bf3 Qh7 25.Bg4 Rhg8 26.Bf4 Qe7 27.Ra2 Kc8 28.Qe3 Kb7 29.h7 Rh8
30.f3 Nxc3 31.Qxc3 e5 32.dxe5 fxe5 33.Bg3 Rxh7 34.Qe3 Rxh3 35.Bxh3 Rh8 36.Bg2 Rxh2
37.Bxh2 Qh4+ 38.Kf1 Qxh2 39.c3 Qh7 40.Rd2 d4 41.cxd4 exd4 42.Rxd4 Nxd4 43.Qxd4 Qb1+
44.Ke2 Bc6 45.Bh3 Qc2+ 46.Ke1 Qh7 47.Qg4 Qc7 48.Bf1 Qe5+ 49.Kf2 b5 50.f4 Qd4+
51.Ke1 c3 52.Qe2 Qxf4 53.Qe7+ Kb6 54.Qd8+ Kb7 55.Qe7+ Qc7 56.Qc5 Qg3+ 57.Kd1 a6
58.Qe7+  1/2-1/2

[Event "Brunei Inv IM"]
[Site "Bandar Seri Begawan BRU"]
[Date "2010.07.26"]
[Round "1"]
[White "Ramnath Bhuvanesh,R"]
[Black "Duong The Anh"]
[Result "1/2-1/2"]
[WhiteElo "2376"]
[BlackElo "2415"]

1.e4 e6 2.d4 d5 3.Nc3 Bb4 4.e5 b6 5.Qg4 Bf8 6.Nf3 Qd7 7.h4 h5 8.Qf4 Ba6 9.Bxa6 Nxa6
10.a3 Ne7  1/2-1/2

[Event "21st Czech GM Open"]
[Site "Pardubice CZE"]
[Date "2010.07.26"]
[Round "4"]
[White "Gabrielian,A"]
[Black "Vokac,M"]
[Result "1-0"]
[WhiteElo "2559"]
[BlackElo "2458"]

1.e4 e6 2.d4 d5 3.Nc3 Bb4 4.e5 b6 5.a3 Bf8 6.b4 c6 7.Rb1 Ne7 8.Nf3 Qd7 9.Bd3 Ba6
10.b5 cxb5 11.Nxb5 Bxb5 12.Bxb5 Nec6 13.h4 h6 14.Rh3 a6 15.Bd3 b5 16.a4 b4
17.Bd2 Qa7 18.c3 Nd7 19.Rg3 Rb8 20.Kf1 g5 21.hxg5 hxg5 22.Kg1 bxc3 23.Rxb8+ Ndxb8
24.Bxc3 Bb4 25.Bb2 Be7 26.Nxg5 Bxg5 27.Rxg5 Qe7 28.Qd2 Qb4 29.Qc2 Kd7 30.Rg7 Qf8
31.Rg3 Rh4 32.Qb3 Qb4 33.Bf1 Qxb3 34.Rxb3 Kc7 35.Rf3 Rh7 36.Bc3 Kb6 37.g4 Nd7
38.Rg3 f6 39.Bd3 Rg7 40.exf6 Nxf6 41.f3 Nh5 42.Rg2 Nf4 43.Rb2+ Ka7 44.Bf1 Rf7
45.Rb3 e5 46.dxe5 d4 47.Bb2 Rd7 48.Bc1 Ne6 49.f4 Nc5 50.Rb1 Nxa4 51.e6 Re7
52.Ra1 Nc3 53.Rxa6+ Kb7 54.f5 Ne4 55.Ra2 Kb6 56.Rb2+ Kc5 57.Re2 Nc3 58.Ba3+ Kd5
59.Bxe7  1-0

[Event "TCh-MNE Premier League"]
[Site "Cetinje MNE"]
[Date "2010.07.29"]
[Round "6"]
[White "Benderac,S"]
[Black "Drasko,M"]
[Result "0-1"]
[WhiteElo "2323"]
[BlackElo "2505"]

1.e4 e6 2.d4 d5 3.Nc3 Bb4 4.e5 Ne7 5.a3 Bxc3+ 6.bxc3 c5 7.a4 Qc7 8.Nf3 b6
9.Bb5+ Bd7 10.O-O Bxb5 11.axb5 O-O 12.dxc5 bxc5 13.c4 dxc4 14.Qd6 Nd5 15.Qxc7 Nxc7
16.Ra5 Nd7 17.Rd1 Nd5 18.Be3 Rfb8 19.Rda1 h6 20.Kf1 Rb7 21.R1a3 c3 22.Ra1 Nxe3+
23.fxe3 Nb6 24.Ke2 Nd5 25.Ne1 Rab8 26.Rxa7 Rxa7 27.Rxa7 Rxb5 28.Ra8+ Kh7
29.Rc8 g5 30.Nd3 Rb2 31.Ne1 Nb4 32.Kd1 Nd5 33.Ke2 Rb4 34.Kd3 Rb1 35.Ke2 Nxe3
36.Rxc5 Nd5 37.Rc4 Rc1 38.g3 h5 39.h3 Kg6 40.Rc8 Kg7 41.Rc4 Kg6 42.Rc8 h4
43.Rg8+ Kf5 44.gxh4 Nf4+ 45.Kf3 gxh4 46.Ng2 Rf1+ 47.Ke3 Nxg2+ 48.Rxg2 Kxe5
49.Rg4 Rd1 50.Re4+ Kf6 51.Rc4 Kg6 52.Rxc3 f5 53.Rc8 Rh1 54.Rg8+ Kf6 55.Rh8 Rxh3+  0-1

[Event "ch-AUT"]
[Site "Vienna AUT"]
[Date "2010.07.30"]
[Round "7"]
[White "Matt,F"]
[Black "Bachofner,A"]
[Result "1/2-1/2"]
[WhiteElo "2053"]
[BlackElo "2245"]

1.e4 e6 2.d4 d5 3.Nc3 Bb4 4.e5 b6 5.Qg4 Bf8 6.Nf3 Qd7 7.Bd3 Ba6 8.Bxa6 Nxa6
9.O-O Nb4 10.Ne1 Ne7 11.Ne2 c5 12.c3 Nbc6 13.Ng3 cxd4 14.cxd4 Nf5 15.Nxf5 exf5
16.Qd1 Be7 17.f4 Nxd4 18.Be3 Ne6 19.Nf3 O-O 20.Qd3 g6 21.Rfd1 Rfd8 22.Rac1 Bc5
23.g3 Qa4 24.a3 Qe4 25.Kf2 Bxe3+ 26.Qxe3 d4 27.Qd3 Nc5 28.Qxe4 fxe4 29.Nxd4 Nd3+
30.Rxd3 exd3 31.Ke3 Rd5 32.Rd1 Rad8 33.Rxd3 h5 34.Ke4 a5 35.b3 Kf8 36.a4 Ke8
37.h3 Kf8 38.g4 hxg4 39.hxg4 Ke8 40.Rd2  1/2-1/2

[Event "7th Marques Prol"]
[Site "Santos BRA"]
[Date "2010.08.10"]
[Round "2"]
[White "Larrea,M"]
[Black "Aranha Filho,A"]
[Result "1/2-1/2"]
[WhiteElo "2303"]
[BlackElo "2292"]

1.d4 e6 2.e4 d5 3.Nc3 Bb4 4.e5 b6 5.Qg4 Bf8 6.h4 Qd7 7.h5 h6 8.Nb5 Ne7 9.Qf4 a6
10.Na3 c5 11.c3 Nec6 12.Nc2 cxd4 13.cxd4 a5 14.Bd2 Ba6 15.Rh3 Bxf1 16.Kxf1 Nb4
17.Ne1 N8c6 18.Ne2 Rc8 19.a3 Na6 20.Rf3 Nd8 21.Rb3 Rc6 22.Qg3 a4 23.Re3 Nc7
24.Nc3 Rc4 25.Nc2 Nc6 26.Rd3 Na5 27.Rd1 Nb5 28.Kg1 Nxc3 29.Bxc3 Nc6 30.Ne3 Ne7
31.f4 Nf5 32.Qg4 Rc7 33.Re1 Rg8 34.Nxf5 exf5 35.Qd1 b5 36.e6 fxe6 37.Rde3 Rc6
38.Qd3 g6 39.Qxb5 Be7 40.Qxa4 gxh5 41.Bb4 h4 42.Bxe7 Kxe7 43.Qb4+ Kf7 44.Qa4 Qc7
45.Rc3 Rxc3 46.bxc3 h3 47.Re2 Kf6 48.Qa6 Rxg2+ 49.Rxg2 hxg2 50.Qa8 Qxf4 51.Qf8+ Kg6
52.Qg8+ Kh5 53.Qxg2 Qc1+ 54.Kh2 Qxa3 55.Qe2+ Kg5 56.Qe3+ Kf6 57.Qxh6+ Ke7
58.Qg7+ Kd8 59.Qe5 Kd7 60.Qg7+ Qe7 61.Qh8 Qg5 62.Qh7+ Kc6 63.Qh8 Qd2+ 64.Kg1 Qe3+
65.Kh2 Qf4+ 66.Kg2 Kb7 67.Qg7+ Qc7 68.Qf6 Qd7 69.Qf8 Qc6 70.Qb4+ Qb6 71.Qe7+ Kb8
72.Qf8+ Ka7 73.Qa3+ Kb7 74.Qe7+ Qc7 75.Qxe6 Qxc3 76.Qxd5+  1/2-1/2